| 000 | 01971nam0a2200337 4500 | ||
|---|---|---|---|
| 001 | RU\NLR\BIBL_A\022066351 | ||
| 005 | 20260405231454.0 | ||
| 010 |
_a978-5-907391-99-4 _9500 |
||
| 021 |
_aRU _b2023-62957 _9КН-П-6383 |
||
| 035 | _a(RuMoRGB)012189802 | ||
| 035 | _a(NLR Aleph) 022066351 | ||
| 090 |
_a12644567 _c12644567 |
||
| 100 | _a20231103d2020 |||y0rusy50 ca | ||
| 101 | 0 | _arus | |
| 102 | _aRU | ||
| 105 | _aа z 000yy | ||
| 200 | 1 |
_aГлобальное цифровое пространство: нелинейный подход _eмонография _fН. З. Алиева, Е. Б. Ивушкина, Н. И. Морозова _gМинистерство науки и высшего образования Российской Федерации, Федеральное государственное бюджетное образовательное учреждение высшего образования "Донской государственный технический университет" (ДГТУ) |
|
| 203 |
_aТекст _bвизуальный _cнепосредственный |
||
| 210 |
_aНовочеркасск _cЛик _d2020 |
||
| 215 |
_a107 с. _cил. _d21 |
||
| 320 | _aБиблиогр.: с. 99-107 (87 назв.) | ||
| 606 | 1 |
_aИнформационные технологии _xСоциальный аспект _92472120 _3RU\NLR\AUTH\661468157 |
|
| 606 | 1 |
_aИнформационная безопасность _xСоциологические исследования _92270792 _3RU\NLR\AUTH\661361040 |
|
| 686 | 1 | _aС550.1 | |
| 700 | 1 |
_aАлиева _bН. З. _gНаталья Зиновьевна |
|
| 701 | 1 |
_aИвушкина _bЕ. Б. _gЕлена Борисовна |
|
| 701 | 1 |
_8rus _7ca _aМорозова _bН. И. _cпреподаватель, философия _gНелли Игоревна _3RU\NLR\AUTH\77105407 _988332 |
|
| 942 | _cBOOK | ||
| 980 | _aNB | ||